Mathematical Mechanism Underlying Echolon-Mode and Shear-Band Formations Bifurcation Hierarchy of O(2)xO(2)-Equivariant Systems

Salvato in:
Dettagli Bibliografici
Autore principale: Murota, Kazuo
Altri autori: Ikeda, Kiyohiro
Natura: Libro
Lingua:inglese
Pubblicazione: Bonn Rheinische Friedrich-Wilhelms-Universität 1995
Edizione:1. ed.
Serie:Report No. 95844
Soggetti:
Tags: Aggiungi Tag
Nessun Tag, puoi essere il primo ad aggiungerne!!

MARC

LEADER 00000nam a2200000 4500
001 c020927
005 20221205133250.4
041 0 |a eng 
044 |a DE 
245 1 0 |a Mathematical Mechanism Underlying Echolon-Mode and Shear-Band Formations  |b Bifurcation Hierarchy of O(2)xO(2)-Equivariant Systems  |c Kazuo Murota, Kiyohiro Ikeda 
250 |a 1. ed. 
264 1 |a Bonn  |b Rheinische Friedrich-Wilhelms-Universität  |c 1995 
300 |a 34 s. 
490 1 |a Report  |v No. 95844 
830 0 |a Report  |v No. 95844 
610 2 0 |a matematika 
610 2 0 |a modely matematické 
100 1 |a Murota, Kazuo 
700 1 |a Ikeda, Kiyohiro